header

Speleothem science (Record no. 247343)

MARC details
000 -LEADER
fixed length control field 01268nam a2200325Ia 4500
082 04 - DEWEY DECIMAL CLASSIFICATION NUMBER
Classification number 551.44/7
100 1# - MAIN ENTRY--AUTHOR NAME
Personal name Fairchild, Ian J.
245 10 - TITLE STATEMENT
Title Speleothem science
260 ## - PUBLICATION, DISTRIBUTION, ETC. (IMPRINT)
Place of publication Chichester, West Sussex ;
-- Hoboken, N.J. :
Name of publisher Wiley-Blackwell,
Year of publication 2012.
300 ## - PHYSICAL DESCRIPTION
Number of Pages xiv, 432, [16] p. :
Other physical details ill.
650 #0 - SUBJECT ADDED ENTRY--TOPICAL TERM
Topical Term Speleothems.
Topical Term Paleoclimatology.
700 1# - ADDED ENTRY--PERSONAL NAME
Personal name Baker, Andy,
856 40 - ELECTRONIC LOCATION AND ACCESS
Uniform Resource Identifier http://site.ebrary.com/lib/rucke/Doc?id=10546569

No items available.

© 2026 Rongo University
Contact us: librarian | system librarian | Rongo university